| 000 | 00920nam a2200289 u 4500 | ||
|---|---|---|---|
| 005 | 20230511123845.0 | ||
| 008 | 200124s2003 sp r 000 0 spa d | ||
| 020 | _a9788433961976 | ||
| 035 | _aUPN01000235112 | ||
| 040 |
_aMX-MxUPN _bspa _cMX-MxUPN |
||
| 041 | 1 |
_aspa _heng |
|
| 050 | 4 |
_aHV40 _bS46 2012 |
|
| 100 | 1 |
_aSennett, Richard, _d1943- _948865 |
|
| 240 | 1 | 0 |
_a Respect in a world of inequality. _lEspañol |
| 245 | 1 | 3 |
_aEl respeto : _bsobre la dignidad del hombre en un mundo de desigualdad |
| 250 | _aTercera edición | ||
| 260 |
_aBarcelona, España : _bAnagrama, _c2012. |
||
| 300 | _a301 páginas | ||
| 500 | _aTraducción de: Respect in a world of inequality. | ||
| 650 | 7 |
_96249 _aAsistencia social |
|
| 650 | 2 |
_aRespeto _94166 |
|
| 700 | 1 |
_947588 _aGalmarini, Marco-Aurelio _etraducción |
|
| 902 | _bNoemiAcosta/220323 | ||
| 905 | _aLibro | ||
| 942 |
_n0 _2lcc _cLIBRO |
||
| 999 |
_c207207 _d207207 |
||